| 000 | 00441nam a2200157Ia 4500 | ||
|---|---|---|---|
| 008 | 241217s9999||||xx |||||||||||||| ||und|| | ||
| 020 |
_a9780071142144 _c55.1 |
||
| 040 |
_beng _cSSK Library _erda |
||
| 082 | _a620.106 DAU.9 | ||
| 100 | _a Joseph B. Franzini & E. John Finnemore | ||
| 245 | 0 | _aFluid Mechanics | |
| 260 |
_b Wcb/Mcgraw-Hill _c©1997 |
||
| 942 |
_2Dewey Decimal Classification _cBOOK _nNo |
||
| 999 |
_c28284 _d28284 |
||
| 003 | OSt | ||
| 005 | 20241217113108.0 | ||